El gato negro y otros cuentos de horror
Enregistré dans:
| Auteur principal: | |
|---|---|
| Format: | Livre |
| Langue: | espagnol |
| Publié: |
Barcelona
Vicens Vives
2002
|
| Édition: | 3a. ed |
| Collection: | Aula de Literatura, 27
|
| Sujets: | |
| Tags: |
Ajouter un tag
Pas de tags, Soyez le premier à ajouter un tag!
|
MARC
| LEADER | 00000nam a2200000 a 4500 | ||
|---|---|---|---|
| 001 | UCH9441 | ||
| 003 | CL-VaPUC | ||
| 008 | 100107e20020000SP |||||||||||||||||spa|d | ||
| 020 | |a 9788431665821 | ||
| 082 | 0 | 4 | |a 813 |b POE |2 21 |
| 100 | |a Poe, Edgar Allan |e author |9 313715 | ||
| 245 | 1 | 3 | |a El gato negro y otros cuentos de horror |
| 250 | |a 3a. ed | ||
| 300 | |a 146 p | ||
| 942 | |c BK | ||
| 945 | |d 20100107 00:00:00 |a dcastane | ||
| 260 | |a Barcelona |b Vicens Vives |c 2002 | ||
| 650 | 0 | |a Cuentos estadounidenses |9 265133 | |
| 650 | 0 | |a Literatura estadounidense |y Siglo 19 |9 352727 | |
| 583 | |a last modification |c 20100107 00:00:00 |k Rodrigo Vera | ||
| 490 | 0 | |a Aula de Literatura, 27 | |
| 999 | |c 339409 |d 339407 | ||